[Event "MVP-ch Seniors op 19th"]
[Site "Ostseebad Binz"]
[Date "2019.11.28"]
[Round "2"]
[White "Pape, Manfred"]
[Black "Hubert, Berthold"]
[Result "0-1"]
[WhiteElo "1922"]
[BlackElo "2098"]
[PlyCount "38"]
[EventDate "2019.11.27"]
[EventType "swiss"]
[EventRounds "9"]
[EventCountry "GER"]
[SourceTitle "EXT 2021"]
[Source "ChessBase"]
[SourceDate "2020.10.23"]
[SourceVersion "1"]
[SourceVersionDate "2020.10.23"]
[SourceQuality "1"]

1. Nf3 Nf6 2. g3 d5 3. Bg2 c5 4. d3 Nc6 5. Nbd2 e6 6. 0-0 Be7 7. e4 Qc7 8. Re1 0-0 9. Nf1 dxe4 10. dxe4 Rd8 11. Qe2 Nd4 12. Nxd4 cxd4 13. e5 Nd5 14. Be4 g6 15. f4 b6 16. a3 Bb7 17. Nd2 Ne3 18. Bd3 Nxc2 19. Bxc2 Qxc2 0-1

[Event "MVP-ch Seniors op 18th"]
[Site "Ostseebad Binz"]
[Date "2018.12.04"]
[Round "7"]
[White "Giering, Gregor"]
[Black "Pape, Manfred"]
[Result "0-1"]
[WhiteElo "1830"]
[BlackElo "1945"]
[PlyCount "78"]
[EventDate "2018.11.28"]
[EventType "swiss"]
[EventRounds "9"]
[EventCountry "GER"]
[SourceTitle "CBM 188 Extra"]
[Source "ChessBase"]
[SourceDate "2019.02.28"]
[SourceVersion "1"]
[SourceVersionDate "2019.02.28"]
[SourceQuality "1"]

1. Nf3 Nf6 2. b3 g6 3. Bb2 Bg7 4. e3 0-0 5. Be2 d6 6. d4 Nbd7 7. Nbd2 Re8 8. Rb1 c5 9. 0-0 b6 10. c4 Bb7 11. d5 e5 12. Qc2 e4 13. Ne1 Qe7 14. Kh1 h5 15. f3 exf3 16. Nexf3 Ng4 17. Qd3 Bxb2 18. Rxb2 Nde5 19. Qc3 Nxf3 20. Bxf3 Nxe3 21. Ne4 Nxf1 22. Rf2 Qxe4 23. Bxe4 Rxe4 24. Rxf1 Re5 25. Kg1 Rae8 26. Qg3 Bc8 27. Qf4 Bf5 28. h3 Kg7 29. g4 hxg4 30. hxg4 Re4 31. Qxd6 Rxg4+ 32. Kf2 Ree4 33. Kf3 g5 34. Rh1 Rgf4+ 35. Kg3 Re3+ 36. Kh2 Rh4+ 37. Kg2 Be4+ 38. Kf2 Rf3+ 39. Kg1 Rxh1+ 0-1

[Event "MVP-ch Seniors op 17th"]
[Site "Binz"]
[Date "2017.12.01"]
[Round "3.24"]
[White "Rollwitz, Juergen"]
[Black "Pape, Manfred"]
[Result "1-0"]
[WhiteElo "1936"]
[BlackElo "2052"]
[PlyCount "61"]
[EventDate "2017.11.29"]
[EventType "swiss"]
[EventRounds "9"]
[EventCountry "GER"]
[SourceTitle "EXT 2019"]
[Source "ChessBase"]
[SourceDate "2018.10.10"]
[SourceVersion "1"]
[SourceVersionDate "2018.10.10"]
[SourceQuality "1"]

1. e4 g6 2. d4 c6 3. f4 d5 4. e5 h5 5. Nf3 Bg4 6. h3 Bxf3 7. Qxf3 e6 8. g3 Qb6 9. c3 c5 10. dxc5 Bxc5 11. Nd2 Nc6 12. Nb3 0-0-0 13. Nxc5 Qxc5 14. Qd3 d4 15. Qb5 Qxb5 16. Bxb5 Nge7 17. Bd2 Nf5 18. Rg1 h4 19. g4 Ng3 20. Rc1 d3 21. Rd1 a6 22. Bxc6 bxc6 23. Kf2 Rd5 24. Ke3 g5 25. Kf3 f6 26. exf6 gxf4 27. Bxf4 e5 28. Bxg3 hxg3 29. Rxg3 d2 30. Ke4 Rhd8 31. g5 1-0

[Event "Baden Wuerttemberg-ch Seniors op 2nd"]
[Site "Freudenstadt"]
[Date "2016.07.04"]
[Round "4"]
[White "Cichy, Michael"]
[Black "Pape, Manfred"]
[Result "1/2-1/2"]
[WhiteElo "2018"]
[BlackElo "2074"]
[PlyCount "60"]
[EventDate "2016.07.01"]
[EventType "swiss"]
[EventRounds "9"]
[EventCountry "GER"]
[SourceTitle "EXT 2019"]
[Source "ChessBase"]
[SourceDate "2018.10.10"]
[SourceVersion "1"]
[SourceVersionDate "2018.10.10"]
[SourceQuality "1"]

1. d4 Nf6 2. Nf3 g6 3. c4 Bg7 4. Nc3 d6 5. e4 0-0 6. Be2 Nc6 7. d5 Nb8 8. h3 c5 9. 0-0 e5 10. Be3 h6 11. Qd2 Kh7 12. Ne1 Nxe4 13. Nxe4 f5 14. f3 fxe4 15. fxe4 Rxf1+ 16. Bxf1 Nd7 17. Bd3 Nf6 18. Nf3 Qe7 19. Rb1 Bd7 20. b4 b6 21. bxc5 dxc5 22. Bc2 Ne8 23. a4 Nd6 24. Qd3 Qe8 25. a5 Rb8 26. axb6 axb6 27. Nd2 Rb7 28. Qa3 Qb8 29. Bd3 Qc7 30. Rb3 Ra7 1/2-1/2

[Event "Sachsen-Anhalt-ch Seniors 24th"]
[Site "Halberstadt"]
[Date "2016.05.31"]
[Round "3"]
[White "Roos, Hans Goerg"]
[Black "Pape, Manfred"]
[Result "1/2-1/2"]
[WhiteElo "1948"]
[BlackElo "2113"]
[PlyCount "46"]
[EventDate "2016.05.29"]
[EventType "swiss"]
[EventRounds "7"]
[EventCountry "GER"]
[SourceTitle "EXT 2019"]
[Source "ChessBase"]
[SourceDate "2018.10.10"]
[SourceVersion "1"]
[SourceVersionDate "2018.10.10"]
[SourceQuality "1"]

1. Nf3 Nf6 2. g3 g6 3. Bg2 Bg7 4. d3 d6 5. e4 Nc6 6. c3 0-0 7. 0-0 Bg4 8. h3 Bd7 9. Nbd2 e5 10. a4 Qc8 11. Kh2 a5 12. Nc4 h6 13. Qe2 Re8 14. Ng1 Be6 15. Ne3 Qd8 16. f4 exf4 17. gxf4 Nh5 18. Ng4 f5 19. exf5 Bxf5 20. Qf3 Qh4 21. Bd2 Bxg4 22. Qxg4 Qxg4 23. hxg4 Nf6 1/2-1/2

[Event "Hessen-ch Seniors op 12th"]
[Site "Bad Sooden-Allendorf"]
[Date "2016.05.08"]
[Round "9"]
[White "Pape, Manfred"]
[Black "Schneider, Alexander"]
[Result "1/2-1/2"]
[WhiteElo "2113"]
[BlackElo "2048"]
[PlyCount "26"]
[EventDate "2016.04.30"]
[EventType "swiss"]
[EventRounds "9"]
[EventCountry "GER"]
[SourceTitle "EXT 2019"]
[Source "ChessBase"]
[SourceDate "2018.10.10"]
[SourceVersion "1"]
[SourceVersionDate "2018.10.10"]
[SourceQuality "1"]

1. d4 d5 2. Nf3 Nf6 3. Bf4 c5 4. e3 Nc6 5. c3 Qb6 6. Qb3 c4 7. Qxb6 axb6 8. Na3 Bf5 9. Nh4 Bg6 10. Nxg6 hxg6 11. Be2 e6 12. Nb5 Kd7 13. 0-0 Be7 1/2-1/2

[Event "Hessen-ch Seniors op 12th"]
[Site "Bad Sooden-Allendorf"]
[Date "2016.05.05"]
[Round "6"]
[White "Bachmann, Rolf"]
[Black "Pape, Manfred"]
[Result "1/2-1/2"]
[WhiteElo "1957"]
[BlackElo "2113"]
[PlyCount "110"]
[EventDate "2016.04.30"]
[EventType "swiss"]
[EventRounds "9"]
[EventCountry "GER"]
[SourceTitle "EXT 2019"]
[Source "ChessBase"]
[SourceDate "2018.10.10"]
[SourceVersion "1"]
[SourceVersionDate "2018.10.10"]
[SourceQuality "1"]

1. d4 Nf6 2. c4 g6 3. Nc3 Bg7 4. Nf3 d6 5. Bg5 Nc6 6. d5 Nb8 7. Qd2 h6 8. Bh4 c5 9. e4 Nbd7 10. Bd3 0-0 11. h3 a6 12. 0-0 Ne5 13. Nxe5 dxe5 14. a4 Qd6 15. a5 Bd7 16. f3 Nh5 17. Bf2 Nf4 18. Ra3 Qf6 19. Bxc5 Qg5 20. Kh2 Bxh3 21. Rg1 Bd7 22. Rd1 Qh4+ 23. Kg1 Qg3 24. Kf1 Nxg2 25. Qf2 Qh2 26. Qg1 Qh5 27. Kxg2 Bh3+ 28. Kf2 Bf6 29. Ke2 Rac8 30. Be3 g5 31. Kd2 Bd7 32. Qh1 Qg6 33. b4 Kg7 34. b5 axb5 35. cxb5 e6 36. a6 bxa6 37. bxa6 Be7 38. Ra2 Bb4 39. Rc1 exd5 40. exd5 Qd6 41. f4 gxf4 42. Rg1+ Kh8 43. Bf2 Rxc3 44. Ke2 Rxd3 45. Kxd3 Bb5+ 46. Kc2 Bc4 47. Qg2 Qf6 48. Ra4 Rc8 49. Qg4 Bxa6+ 50. Kd1 e4 51. Rxa6 Rc1+ 52. Kxc1 Qc3+ 53. Kb1 Qb3+ 54. Kc1 Qc3+ 55. Kb1 Qb3+ 1/2-1/2

[Event "MVP-ch Seniors op 15th"]
[Site "Binz"]
[Date "2015.11.27"]
[Round "4.17"]
[White "Tuertmann, Dieter"]
[Black "Pape, Manfred"]
[Result "1/2-1/2"]
[WhiteElo "1834"]
[BlackElo "2025"]
[PlyCount "46"]
[EventDate "2015.11.24"]
[EventType "swiss"]
[EventRounds "9"]
[EventCountry "GER"]
[SourceTitle "EXT 2017"]
[Source "ChessBase"]
[SourceDate "2016.10.25"]
[SourceVersion "1"]
[SourceVersionDate "2016.10.25"]
[SourceQuality "1"]

1. e4 g6 2. Nc3 Bg7 3. f4 c6 4. Nf3 d5 5. d3 Bg4 6. Be2 e6 7. 0-0 Nd7 8. h3 Qb6+ 9. Kh2 h5 10. g3 Bxf3 11. Bxf3 Ngf6 12. Qe2 0-0-0 13. a4 a5 14. Bd2 Nc5 15. e5 Ng4+ 16. Bxg4 hxg4 17. h4 Na6 18. Rfb1 Nb4 19. Be1 Bf8 20. Na2 Be7 21. Nxb4 axb4 22. c3 c5 23. Bf2 Qa6 1/2-1/2

[Event "GER-chA Seniors 27th"]
[Site "Magdeburg"]
[Date "2015.08.23"]
[Round "9"]
[White "Kannenberg, Karl Heinz"]
[Black "Pape, Manfred"]
[Result "1-0"]
[WhiteElo "2208"]
[BlackElo "2124"]
[PlyCount "117"]
[EventDate "2015.08.15"]
[EventType "swiss"]
[EventRounds "9"]
[EventCountry "GER"]
[SourceTitle "EXT 2018"]
[Source "ChessBase"]
[SourceDate "2017.10.13"]
[SourceVersion "1"]
[SourceVersionDate "2017.10.13"]
[SourceQuality "1"]

1. d4 Nf6 2. Nf3 g6 3. e3 Bg7 4. Be2 d6 5. 0-0 0-0 6. c4 Nc6 7. Nc3 Nd7 8. a3 e5 9. b4 Re8 10. Bb2 Nf8 11. Rc1 Bg4 12. b5 Na5 13. Nd5 c6 14. Nb4 exd4 15. Bxd4 Bxf3 16. Bxf3 Bxd4 17. exd4 Rc8 18. h3 Nd7 19. Qa4 Qc7 20. Bg4 f5 21. Bf3 Nf6 22. bxc6 bxc6 23. Rfe1 Rxe1+ 24. Rxe1 Kf7 25. d5 c5 26. Nc6 Nxc6 27. dxc6 Ne4 28. Bxe4 fxe4 29. Rxe4 Qxc6 30. Qxa7+ Rc7 31. Rf4+ Kg8 32. Qb8+ Rc8 33. Qb3 Re8 34. Qd3 Re6 35. Kh2 Kg7 36. h4 Re5 37. Qc3 Kg8 38. Qb2 Qe8 39. Qb7 Qe7 40. Qc8+ Kg7 41. a4 Rf5 42. Rxf5 Qxh4+ 43. Kg1 gxf5 44. Qd7+ Kg8 45. Qe6+ Kg7 46. g3 Qd4 47. Kg2 Qd1 48. Qe7+ Kg8 49. Qg5+ Kh8 50. Qxf5 Kg7 51. Qg5+ Kf8 52. Qf6+ Kg8 53. Qe6+ Kg7 54. Qe7+ Kg8 55. Qd8+ Kf7 56. Qd7+ Kg8 57. Qc8+ Kg7 58. Qb7+ Kf6 59. Qf3+ 1-0

[Event "GER-chA Seniors 27th"]
[Site "Magdeburg"]
[Date "2015.08.17"]
[Round "3"]
[White "Pape, Manfred"]
[Black "Fugmann, Bernd"]
[Result "1/2-1/2"]
[WhiteElo "2124"]
[BlackElo "1991"]
[PlyCount "43"]
[EventDate "2015.08.15"]
[EventType "swiss"]
[EventRounds "9"]
[EventCountry "GER"]
[SourceTitle "EXT 2018"]
[Source "ChessBase"]
[SourceDate "2017.10.13"]
[SourceVersion "1"]
[SourceVersionDate "2017.10.13"]
[SourceQuality "1"]

1. e4 c5 2. Nc3 Nc6 3. Bb5 Nd4 4. Bc4 e6 5. Nf3 a6 6. a3 Qc7 7. d3 b5 8. Ba2 Bb7 9. Nxd4 cxd4 10. Ne2 Bc5 11. 0-0 Ne7 12. Bf4 d6 13. c3 dxc3 14. b4 Bb6 15. Rc1 Qd7 16. Qb3 0-0 17. Rxc3 Rac8 18. Rfc1 Rxc3 19. Rxc3 d5 20. Ng3 Ng6 21. Bc1 Rc8 22. Rxc8+ 1/2-1/2

[Event "Wuertemberg-ch Seniors 27th"]
[Site "Freudenstadt"]
[Date "2015.07.06"]
[Round "4"]
[White "Pape, Manfred"]
[Black "Kiefer, Gerhard"]
[Result "1/2-1/2"]
[WhiteElo "2140"]
[BlackElo "2217"]
[PlyCount "55"]
[EventDate "2015.07.03"]
[EventType "swiss"]
[EventRounds "9"]
[EventCountry "GER"]
[SourceTitle "EXT 2016"]
[Source "ChessBase"]
[SourceDate "2015.10.08"]
[SourceVersion "1"]
[SourceVersionDate "2015.10.08"]
[SourceQuality "1"]

1. e4 c5 2. Nc3 e6 3. Nf3 a6 4. d4 cxd4 5. Nxd4 Qc7 6. Be2 Nf6 7. 0-0 Nc6 8. Be3 Be7 9. a3 0-0 10. Kh1 d6 11. f4 Bd7 12. Qe1 Nxd4 13. Bxd4 Bc6 14. Qg3 g6 15. Bf3 Nd7 16. e5 Bxf3 17. Rxf3 dxe5 18. fxe5 Rad8 19. Re1 Bc5 20. Bxc5 Qxc5 21. h4 Kg7 22. Rd3 Qc7 23. Qf4 Kg8 24. h5 f6 25. hxg6 Nxe5 26. Rh3 hxg6 27. Ne4 Qg7 28. Nxf6+ 1/2-1/2

[Event "Hessen-ch Seniors op 11th"]
[Site "Bad Sooden-Allendorf"]
[Date "2015.05.17"]
[Round "9"]
[White "Pape, Manfred"]
[Black "Baum, Bernd"]
[Result "0-1"]
[WhiteElo "2131"]
[BlackElo "2318"]
[PlyCount "84"]
[EventDate "2015.05.09"]
[EventType "swiss"]
[EventRounds "9"]
[EventCountry "GER"]
[SourceTitle "EXT 2018"]
[Source "ChessBase"]
[SourceDate "2017.10.13"]
[SourceVersion "1"]
[SourceVersionDate "2017.10.13"]
[SourceQuality "1"]

1. e4 c5 2. Nc3 Nc6 3. g3 g6 4. Bg2 Bg7 5. d3 d6 6. Nge2 Rb8 7. Be3 Nd4 8. a4 a6 9. 0-0 e6 10. Qd2 Ne7 11. f4 0-0 12. Kh1 b5 13. axb5 axb5 14. Nd1 Qc7 15. Nc1 b4 16. c3 bxc3 17. bxc3 Ndc6 18. g4 f5 19. h3 Bd7 20. Ra2 Kh8 21. Bf3 e5 22. Ne2 exf4 23. Bxf4 Ne5 24. Bxe5 Bxe5 25. Ne3 Be6 26. Raa1 fxg4 27. Bxg4 Qd7 28. d4 cxd4 29. cxd4 Bg7 30. Kg2 Bh6 31. Kg3 d5 32. Nf4 Bxf4+ 33. Rxf4 Rxf4 34. Kxf4 Rf8+ 35. Kg3 dxe4 36. d5 Bxg4 37. Qd4+ Kg8 38. hxg4 Rf3+ 39. Kg2 Qd6 40. Nf1 Qf4 41. Nh2 Qg3+ 42. Kh1 Rf2 0-1

[Event "Hessen-ch Seniors op 11th"]
[Site "Bad Sooden-Allendorf"]
[Date "2015.05.13"]
[Round "5"]
[White "Szenetra, Werner"]
[Black "Pape, Manfred"]
[Result "1/2-1/2"]
[WhiteElo "2201"]
[BlackElo "2131"]
[PlyCount "21"]
[EventDate "2015.05.09"]
[EventType "swiss"]
[EventRounds "9"]
[EventCountry "GER"]
[SourceTitle "EXT 2018"]
[Source "ChessBase"]
[SourceDate "2017.10.13"]
[SourceVersion "1"]
[SourceVersionDate "2017.10.13"]
[SourceQuality "1"]

1. Nf3 Nf6 2. g3 g6 3. Bg2 Bg7 4. d3 d6 5. 0-0 Nc6 6. e4 Bg4 7. h3 Bd7 8. a4 0-0 9. Nbd2 e5 10. Qe2 Re8 11. Kh2 1/2-1/2

[Event "Hessen-ch Seniors op 11th"]
[Site "Bad Sooden-Allendorf"]
[Date "2015.05.11"]
[Round "3"]
[White "Kuehn, Peter1"]
[Black "Pape, Manfred"]
[Result "0-1"]
[WhiteElo "1985"]
[BlackElo "2131"]
[PlyCount "98"]
[EventDate "2015.05.09"]
[EventType "swiss"]
[EventRounds "9"]
[EventCountry "GER"]
[SourceTitle "EXT 2018"]
[Source "ChessBase"]
[SourceDate "2017.10.13"]
[SourceVersion "1"]
[SourceVersionDate "2017.10.13"]
[SourceQuality "1"]

1. e4 c6 2. d4 g6 3. Nc3 Bg7 4. Be3 d6 5. Qd2 Qa5 6. f3 b5 7. Bd3 a6 8. Nge2 Nd7 9. Nd1 Qxd2+ 10. Kxd2 c5 11. c3 Bb7 12. Nf2 e5 13. d5 Ne7 14. g4 h5 15. g5 0-0 16. Rhg1 Kh7 17. Rg3 Nc8 18. a4 c4 19. Bc2 Nc5 20. axb5 axb5 21. Rxa8 Bxa8 22. f4 exf4 23. Bxf4 Be5 24. Nh3 Re8 25. Re3 Bb7 26. Nf2 Nb6 27. Nh3 Bc8 28. Nhg1 Bg4 29. h3 Bd7 30. h4 Bg4 31. Bxe5 dxe5 32. Nh3 Nb3+ 33. Ke1 Ra8 34. Nf2 Ra1+ 35. Nd1 Nc1 36. Nxc1 Rxc1 37. Kd2 Ra1 38. Re1 Bxd1 39. Rxd1 Rxd1+ 40. Kxd1 Kg7 41. Ke2 Kf8 42. Kd2 Ke7 43. Kc1 Kd6 44. Kd2 Nd7 45. Ke3 Nc5 46. Kd2 Ke7 47. Ke3 f6 48. Kf3 fxg5 49. hxg5 Nd3 0-1

[Event "MVP-ch Seniors op 14th"]
[Site "Binz"]
[Date "2014.12.01"]
[Round "7"]
[White "Rahls, Peter"]
[Black "Pape, Manfred"]
[Result "0-1"]
[WhiteElo "2147"]
[BlackElo "1997"]
[PlyCount "138"]
[EventDate "2014.11.25"]
[EventType "swiss"]
[EventRounds "9"]
[EventCountry "GER"]
[SourceTitle "EXT 2016"]
[Source "ChessBase"]
[SourceDate "2015.10.08"]
[SourceVersion "1"]
[SourceVersionDate "2015.10.08"]
[SourceQuality "1"]

1. e4 c6 2. d4 d5 3. e5 g6 4. h4 h5 5. Bd3 Nh6 6. Nh3 Bg4 7. f3 Bxh3 8. Rxh3 e6 9. g4 Be7 10. g5 Nf5 11. Bxf5 exf5 12. Nc3 Na6 13. Be3 Nc7 14. Ne2 Ne6 15. Qd3 Qd7 16. Rh2 Kf8 17. 0-0-0 b6 18. Kb1 Rc8 19. c4 Kg7 20. Nc3 Rhd8 21. cxd5 cxd5 22. Rc2 Rc4 23. Rdc1 Bb4 24. b3 Rxc3 25. Rxc3 Bxc3 26. Qxc3 Qb5 27. Qc2 Rd7 28. Rd1 Rc7 29. Qd3 Qb4 30. Bf2 Qc3 31. Be1 Qxd3+ 32. Rxd3 Nf4 33. Rd1 Ne6 34. Kb2 a5 35. Bf2 Kf8 36. a4 Ke8 37. Be3 Kd7 38. Rd3 Kc8 39. Rc3 Rxc3 40. Kxc3 Kb7 41. b4 axb4+ 42. Kxb4 Ka6 43. Bf2 Nd8 44. Be1 Nc6+ 45. Kc3 b5 46. axb5+ Kxb5 47. Kd3 Ka4 48. Kc3 Na7 49. Kd3 Kb3 50. Ba5 Nc6 51. Bb6 f4 52. Bc5 Nb4+ 53. Kd2 Kc4 54. Bd6 Nd3 55. Bb8 Kxd4 56. Ba7+ Kc4 57. Bb8 Nc5 58. Bd6 d4 59. Be7 Nb3+ 60. Kd1 Kd3 61. Bb4 Kc4 62. e6 fxe6 63. Bd6 d3 64. Bxf4 Nd4 65. Kd2 e5 66. Be3 Nxf3+ 67. Kd1 Nxh4 68. Bb6 Nf3 69. Be3 Kd5 0-1

[Event "MVP-ch Seniors op 14th"]
[Site "Binz"]
[Date "2014.11.28"]
[Round "4"]
[White "Pape, Manfred"]
[Black "Gerhardt, Peter Michael"]
[Result "1/2-1/2"]
[WhiteElo "1997"]
[BlackElo "1827"]
[PlyCount "22"]
[EventDate "2014.11.25"]
[EventType "swiss"]
[EventRounds "9"]
[EventCountry "GER"]
[SourceTitle "EXT 2016"]
[Source "ChessBase"]
[SourceDate "2015.10.08"]
[SourceVersion "1"]
[SourceVersionDate "2015.10.08"]
[SourceQuality "1"]

1. e4 c5 2. Nc3 Nc6 3. f4 g6 4. Nf3 Bg7 5. Bb5 d6 6. Bxc6+ bxc6 7. 0-0 e6 8. d3 Ba6 9. Qe2 Ne7 10. Kh1 d5 11. Bd2 c4 1/2-1/2